000 00431nam a2200193Ia 4500
005 20240823032842.0
008 240823s9999||||xx |||||||||||||| ||und||
020 _a978-81-250-4186-3
041 _aENGLISH
082 _A823.8 Q1
100 _aEmily Bronte
245 0 _aWuthering Heights
250 _a1st
260 _c2011
_bOrient Blac
500 _aYES
650 _aGeneral
_bGeneral
942 _cBK
999 _c194411
_d194411